<?xml version="1.0" encoding="UTF-8"?><?xml-stylesheet type="text/xsl" href="static/style.xsl"?><OAI-PMH xmlns="http://www.openarchives.org/OAI/2.0/" xmlns:xsi="http://www.w3.org/2001/XMLSchema-instance" xsi:schemaLocation="http://www.openarchives.org/OAI/2.0/ http://www.openarchives.org/OAI/2.0/OAI-PMH.xsd"><responseDate>2026-04-17T06:19:56Z</responseDate><request verb="GetRecord" identifier="oai:www.recercat.cat:10230/45578" metadataPrefix="marc">https://recercat.cat/oai/request</request><GetRecord><record><header><identifier>oai:recercat.cat:10230/45578</identifier><datestamp>2025-12-24T08:41:37Z</datestamp><setSpec>com_2072_6</setSpec><setSpec>col_2072_452952</setSpec></header><metadata><record xmlns="http://www.loc.gov/MARC21/slim" xmlns:dcterms="http://purl.org/dc/terms/" xmlns:xsi="http://www.w3.org/2001/XMLSchema-instance" xmlns:doc="http://www.lyncode.com/xoai" xsi:schemaLocation="http://www.loc.gov/MARC21/slim http://www.loc.gov/standards/marcxml/schema/MARC21slim.xsd">
   <leader>00925njm 22002777a 4500</leader>
   <datafield ind2=" " ind1=" " tag="042">
      <subfield code="a">dc</subfield>
   </datafield>
   <datafield ind2=" " ind1=" " tag="720">
      <subfield code="a">Bellalta, Boris</subfield>
      <subfield code="e">author</subfield>
   </datafield>
   <datafield ind2=" " ind1=" " tag="720">
      <subfield code="a">Faridi, Azadeh</subfield>
      <subfield code="e">author</subfield>
   </datafield>
   <datafield ind2=" " ind1=" " tag="720">
      <subfield code="a">Barceló Vicens, Jaume</subfield>
      <subfield code="e">author</subfield>
   </datafield>
   <datafield ind2=" " ind1=" " tag="720">
      <subfield code="a">Daza, Vanesa</subfield>
      <subfield code="e">author</subfield>
   </datafield>
   <datafield ind2=" " ind1=" " tag="720">
      <subfield code="a">Oliver Riera, Miquel</subfield>
      <subfield code="e">author</subfield>
   </datafield>
   <datafield ind2=" " ind1=" " tag="260">
      <subfield code="c">2020-10-26T10:33:32Z</subfield>
   </datafield>
   <datafield ind2=" " ind1=" " tag="260">
      <subfield code="c">2020-10-26T10:33:32Z</subfield>
   </datafield>
   <datafield ind2=" " ind1=" " tag="260">
      <subfield code="c">2014</subfield>
   </datafield>
   <datafield ind2=" " ind1=" " tag="520">
      <subfield code="a">Multiuser Multi-Packet Transmission (MPT) from an Access Point (AP) equipped with multiple antennas to multiple single-antenna nodes can be achieved by exploiting the spatial dimension of the channel. In this paper we present a queueing model to analytically study such systems from the link-layer perspective, in presence of random packet arrivals, heterogeneous channel conditions and packet errors. The analysis relies on a blind estimation of the number of different destinations among the packets waiting in the queue, which allows for building a simple, but general model for MPT systems with per-node First-In First-Out (FIFO) packet scheduling. Simulation results validate the accuracy of the analytical model and provide further insights on the cross-relations between the channel state, the number of antennas, and the number of active users, as well as how they affect the system performance. The simplicity and accuracy of the model makes it suitable for the evaluation of Medium Access Control (MAC) protocols for Ad Hoc or Wireless Local Area Networks supporting Multiuser MPT in non-saturation conditions, where the queueing dynamics play an important role on the achieved performance, and simple user selection algorithms are required.</subfield>
   </datafield>
   <datafield ind2=" " ind1=" " tag="520">
      <subfield code="a">This work has been partially supported by the Spanish Government under projects TEC2012-32354 (Plan Nacional I+D), TEC2009-13000 (Plan Nacional I+D), CSD2008-00010 (Consolider-Ingenio Program) and by the Catalan Government (SGR2009#00617).</subfield>
   </datafield>
   <datafield tag="653" ind2=" " ind1=" ">
      <subfield code="a">Multiuser MPT</subfield>
   </datafield>
   <datafield tag="653" ind2=" " ind1=" ">
      <subfield code="a">SDMA</subfield>
   </datafield>
   <datafield tag="653" ind2=" " ind1=" ">
      <subfield code="a">MAC protocols</subfield>
   </datafield>
   <datafield tag="653" ind2=" " ind1=" ">
      <subfield code="a">Queueing model</subfield>
   </datafield>
   <datafield tag="653" ind2=" " ind1=" ">
      <subfield code="a">Wireless networks</subfield>
   </datafield>
   <datafield tag="653" ind2=" " ind1=" ">
      <subfield code="a">Performance evaluation</subfield>
   </datafield>
   <datafield ind2="0" ind1="0" tag="245">
      <subfield code="a">Performance analysis of a multiuser multi-packet transmission system for WLANs in non-saturation conditions</subfield>
   </datafield>
</record></metadata></record></GetRecord></OAI-PMH>